An apology for Mohammed and the Koran / (Record no. 33437)
[ view plain ]
| 000 -LEADER | |
|---|---|
| fixed length control field | 00807nam a2200253 i 4500 |
| 001 - CONTROL NUMBER | |
| control field | 33437 |
| 003 - CONTROL NUMBER IDENTIFIER | |
| rucl marc code | BD-RjUL |
| 005 - DATE AND TIME OF LATEST TRANSACTION | |
| control field | 20211209052016.0 |
| 008 - FIXED-LENGTH DATA ELEMENTS--GENERAL INFORMATION | |
| fixed length control field | 140507r19751869bg b 000 0 eng d |
| 035 ## - SYSTEM CONTROL NUMBER | |
| System control number | (BD-RjUL)33528 |
| 040 ## - CATALOGING SOURCE | |
| Original cataloging agency | DLC |
| Transcribing agency | DLC |
| Modifying agency | DLC |
| -- | BD-RjUL |
| Language of cataloging | eng |
| 041 ## - LANGUAGE CODE | |
| Language code of text/sound track or separate title | eng |
| 082 00 - DEWEY DECIMAL CLASSIFICATION NUMBER | |
| Classification number | 297 |
| Author mark and year | DAA 1975 |
| 100 1# - MAIN ENTRY--PERSONAL NAME | |
| Personal name | Davenport, John, |
| Dates associated with a name | 1789-1877. |
| 9 (RLIN) | 101486 |
| 245 13 - TITLE STATEMENT | |
| Title | An apology for Mohammed and the Koran / |
| Statement of responsibility, etc. | by John Davenport. |
| 260 ## - PUBLICATION, DISTRIBUTION, ETC. (IMPRINT) | |
| Place of publication, distribution, etc. | Lahore : |
| Name of publisher, distributor, etc. | al-Biruni, |
| Date of publication, distribution, etc. | 1869 [Reprinted 1975] |
| 300 ## - PHYSICAL DESCRIPTION | |
| Pagination | 136 p. ; |
| Size | 22 cm. |
| 500 ## - GENERAL NOTE | |
| General note | Reprint of the 1869 ed. published by J. Davy, London; includes a reproduction of the original t.p. |
| 504 ## - BIBLIOGRAPHY, ETC. NOTE | |
| Bibliography, etc | Includes bibliographical references. |
| 650 #0 - SUBJECT ADDED ENTRY--TOPICAL TERM | |
| Topical term or geographic name as entry element | Islam. |
| 9 (RLIN) | 101487 |
| 942 ## - ADDED ENTRY ELEMENTS (KOHA) | |
| Source of classification or shelving scheme | Dewey Decimal Classification |
| Koha item type | Books |
| Lost status | Source of classification or shelving scheme | Damaged status | Not for loan | Collection code | Permanent Location | Current Location | Shelving location | Date acquired | Source of acquisition | Cost, normal purchase price | Total Checkouts | Full call number | Date last seen | Copy number | Koha item type |
|---|---|---|---|---|---|---|---|---|---|---|---|---|---|---|---|
| Dewey Decimal Classification | Not For Loan | Non-fiction | Central Library, University of Rajshahi | Central Library, University of Rajshahi | Reading Room | 30/03/1964 | Heffer | 0.00 | 297 DAA 1975 | 07/05/2014 | C-1 | Books |